000 01128nam a2200241Ia 4500
999 _c36364
_d36364
001 2276
003 GE_BSU
005 20190501170755.0
008 181216s2011||||ge |||||||||||||| ||geo||
040 _cGE_BSU
041 _ageo
080 _a615(075.8) მ–83
100 _aმონიავა, იპოლიტე – ჯემალ
_9610
245 _aმაგისტრალურ წამალთა ტექნოლოგია :
_bსახელმძღვანელო /
_cიპოლიტე – ჯემალ მონიავა; რედ. ფარმაცევტულ მეცნ. დოქტორი, აკად. ვაჟა ერიაშვილი
250 _a 2-ე გამოცემა.
264 _aთბილისი:
_b{"კარტოგრაფია",
_c2011.
300 _a294გვ. :
_bცხ.,
_c19სმ.
653 _aფარმაკოლოგია
653 _aწამალი
653 _aტექნოლოგია
700 _aერიაშვილი, ვაჟა
_eრედაქტორი
_9611
942 _cBK
_2udc